[Event "Troisdorf op"]
[Site "Troisdorf"]
[Date "1998.12.01"]
[Round "7"]
[White "Herdt, Horst"]
[Black "Schilling, Frank"]
[Result "0-1"]
[WhiteElo "1749"]
[BlackElo "1694"]
[PlyCount "84"]
[EventDate "1998.10.20"]
[EventType "swiss"]
[EventRounds "7"]
[EventCountry "GER"]
[SourceTitle "EXT 2002"]
[Source "ChessBase"]
[SourceDate "2001.11.25"]
[SourceVersion "1"]
[SourceVersionDate "2001.11.25"]
[SourceQuality "1"]

1. d4 Nf6 2. f3 d5 3. e4 dxe4 4. Nc3 exf3 5. Qxf3 e6 6. Be3 Be7 7. 0-0-0 c6 8. Be2 Nd5 9. Nxd5 cxd5 10. Qg3 Bf6 11. Nf3 0-0 12. Bd3 g6 13. h4 Nc6 14. h5 Qe8 15. hxg6 fxg6 16. Rxh7 Ne7 17. Rh6 Nf5 18. Rxg6+ Kf7 19. Bxf5 exf5 20. Ne5+ Bxe5 21. dxe5 Rg8 22. Rf6+ Ke7 23. Bc5+ Kd8 24. Rxd5+ Kc7 25. e6+ Rxg3 26. e7 Bd7 27. Bd6+ Kc8 28. Rf8 Rg8 29. Rc5+ Bc6 30. Rcxf5 Kd7 31. Rxe8 Raxe8 32. Ba3 Rxg2 33. Re5 b6 34. Re3 Kc7 35. c4 Rh8 36. e8Q Rxe8 37. Rxe8 Bxe8 38. c5 bxc5 39. Bxc5 a6 40. Bd4 Bg6 41. Bc3 Kc6 42. a3 Kd5 0-1

[Event "Troisdorf op"]
[Site "Troisdorf"]
[Date "1998.11.03"]
[Round "3"]
[White "Schrade, Achim"]
[Black "Herdt, Horst"]
[Result "1-0"]
[WhiteElo "1653"]
[BlackElo "1749"]
[PlyCount "45"]
[EventDate "1998.10.20"]
[EventType "swiss"]
[EventRounds "7"]
[EventCountry "GER"]
[SourceTitle "EXT 2002"]
[Source "ChessBase"]
[SourceDate "2001.11.25"]
[SourceVersion "1"]
[SourceVersionDate "2001.11.25"]
[SourceQuality "1"]

1. c4 Nc6 2. Nc3 e5 3. g3 Bc5 4. Bg2 Nf6 5. e3 d6 6. Nge2 Bf5 7. d3 Nb4 8. e4 Bg6 9. 0-0 Ng4 10. h3 Nxf2 11. Rxf2 0-0 12. d4 exd4 13. Nxd4 Nc6 14. Be3 Ne5 15. Qe2 Qd7 16. a3 Rae8 17. b4 Bb6 18. Nd5 Bxd4 19. Bxd4 Nxc4 20. Qxc4 Bxe4 21. Nf4 Bxg2 22. Rxg2 Qf5 23. Qd5 1-0